[Event "Konjic op 12th"]
[Site "Konjic"]
[Date "2023.03.04"]
[Round "7"]
[White "Vidovic, Mario"]
[Black "Selimovic, Amir"]
[Result "1/2-1/2"]
[WhiteElo "2200"]
[BlackElo "1946"]
[PlyCount "35"]
[EventDate "2023.03.01"]
[EventType "swiss"]
[EventRounds "7"]
[EventCountry "BIH"]
[SourceTitle "CBM 213 Extra"]
[Source "ChessBase"]
[SourceDate "2023.05.31"]
[SourceVersion "1"]
[SourceVersionDate "2023.05.31"]
[SourceQuality "1"]

1. Nf3 Nf6 2. d4 d5 3. Bf4 e6 4. e3 c5 5. c3 Nc6 6. Nbd2 Bd6 7. Bg3 0-0 8. Bd3 b6 9. Ne5 Bb7 10. 0-0 Ne7 11. Qe2 Nf5 12. Bf4 Be7 13. h3 Nd6 14. Rad1 Qc8 15. f3 Nh5 16. Bh2 Nf5 17. Bxf5 exf5 18. g4 1/2-1/2

[Event "Tuzla op 16th"]
[Site "Tuzla"]
[Date "2022.11.25"]
[Round "3"]
[White "Obad, Andrija"]
[Black "Selimovic, Amir"]
[Result "1/2-1/2"]
[WhiteElo "2228"]
[BlackElo "1937"]
[PlyCount "54"]
[EventDate "2022.11.24"]
[EventType "swiss"]
[EventRounds "7"]
[EventCountry "BIH"]
[SourceTitle "CBM 211 Extra"]
[Source "ChessBase"]
[SourceDate "2023.01.31"]
[SourceVersion "1"]
[SourceVersionDate "2023.01.31"]
[SourceQuality "1"]

1. d4 d5 2. Nc3 Nf6 3. Bf4 a6 4. e3 Bf5 5. f3 h6 6. g4 Bh7 7. h4 e6 8. Bd3 Bxd3 9. Qxd3 c5 10. dxc5 Bxc5 11. 0-0-0 Nbd7 12. Nge2 b5 13. g5 Nh5 14. g6 0-0 15. Kb1 Qf6 16. Rhg1 Ne5 17. Nxd5 exd5 18. gxf7+ Kh8 19. Qxd5 Nc4 20. c3 Bxe3 21. Bxe3 Nxe3 22. Qxh5 Nxd1 23. Rxd1 Qxf7 24. Qxf7 Rxf7 25. Nd4 Rf4 26. Rh1 b4 27. Kc2 bxc3 1/2-1/2

[Event "Tuzla op 16th"]
[Site "Tuzla"]
[Date "2022.11.24"]
[Round "1"]
[White "Selimovic, Amir"]
[Black "Culum, Sanjin"]
[Result "0-1"]
[WhiteElo "1937"]
[BlackElo "2237"]
[PlyCount "62"]
[EventDate "2022.11.24"]
[EventType "swiss"]
[EventRounds "7"]
[EventCountry "BIH"]
[SourceTitle "CBM 211 Extra"]
[Source "ChessBase"]
[SourceDate "2023.01.31"]
[SourceVersion "1"]
[SourceVersionDate "2023.01.31"]
[SourceQuality "1"]

1. e4 c5 2. Nf3 Nc6 3. d4 cxd4 4. Nxd4 Nf6 5. Nc3 e5 6. Ndb5 d6 7. Bg5 a6 8. Na3 b5 9. Nd5 Be7 10. Nxe7 Nxe7 11. Bxf6 gxf6 12. Be2 Bb7 13. Bf3 Qc7 14. Qd2 Ng6 15. c4 Nh4 16. cxb5 Rg8 17. Rc1 Qe7 18. Nc4 Rd8 19. Ne3 d5 20. bxa6 Ba8 21. Nxd5 Bxd5 22. exd5 e4 23. d6 Qe5 24. d7+ Rxd7 25. Rc8+ Ke7 26. Qb4+ Ke6 27. Rc6+ Kf5 28. Rc5 Rd5 29. Rxd5 Qxd5 30. Be2 e3 31. Qxh4 Qd2+ 0-1

[Event "Sarajevo Galijatovic Memorial 8th"]
[Site "Sarajevo"]
[Date "2022.03.15"]
[Round "6"]
[White "Kurtcehajic, Suad"]
[Black "Selimovic, Amir"]
[Result "1-0"]
[WhiteElo "1968"]
[BlackElo "1943"]
[PlyCount "59"]
[EventDate "2022.03.12"]
[EventType "tourn"]
[EventRounds "9"]
[EventCountry "BIH"]
[SourceTitle "CBM 207 Extra"]
[Source "ChessBase"]
[SourceDate "2022.05.31"]
[SourceVersion "1"]
[SourceVersionDate "2022.05.31"]
[SourceQuality "1"]

1. e4 e6 2. d4 d5 3. Nd2 dxe4 4. Nxe4 Bd7 5. Nf3 Bc6 6. Bd3 Nd7 7. 0-0 Ngf6 8. Nxf6+ Qxf6 9. Be2 Bd6 10. c4 Bxf3 11. Bxf3 c6 12. Re1 0-0 13. Be3 Rfe8 14. Qb3 Rab8 15. d5 Ne5 16. Be2 c5 17. Rad1 Qh4 18. g3 Qf6 19. dxe6 Rxe6 20. Qa3 Nc6 21. Rxd6 Rxd6 22. Bf4 Rbd8 23. Bxd6 Qxd6 24. Bf3 Nd4 25. Be4 Re8 26. Bxh7+ Kxh7 27. Rxe8 Qc6 28. Qd3+ g6 29. Qe4 Nf3+ 30. Kg2 1-0

[Event "Lukavac op 8th"]
[Site "Lukavac"]
[Date "2019.11.25"]
[Round "7"]
[White "Selimovic, Amir"]
[Black "Sajin, Mirko"]
[Result "1/2-1/2"]
[WhiteElo "1958"]
[BlackElo "1679"]
[PlyCount "130"]
[EventDate "2019.11.22"]
[EventType "swiss"]
[EventRounds "7"]
[EventCountry "BIH"]
[SourceTitle "CBM 193 Extra"]
[Source "ChessBase"]
[SourceDate "2020.01.31"]
[SourceVersion "1"]
[SourceVersionDate "2020.01.31"]
[SourceQuality "1"]

1. e4 c5 2. Nc3 Nc6 3. f4 g6 4. Nf3 Bg7 5. Bb5 d6 6. Bxc6+ bxc6 7. d3 Nh6 8. 0-0 0-0 9. Qe1 f6 10. b3 Nf7 11. Bb2 f5 12. e5 dxe5 13. Nxe5 Nxe5 14. fxe5 Qd4+ 15. Kh1 Qxe5 16. Qf2 Qd6 17. Na4 Bxb2 18. Nxb2 Qd4 19. Na4 Qxf2 20. Rxf2 c4 21. dxc4 e5 22. Nc5 Rf6 23. Rd1 Kf7 24. Rd8 Ke7 25. Rh8 h5 26. Rd2 Rf8 27. Rxf8 Kxf8 28. Rd8+ Ke7 29. Rg8 Kf6 30. Kg1 Bb7 31. Nd7+ Ke6 32. Nc5+ Kf6 33. Nd7+ Ke6 34. Rg7 Bc8 35. Nc5+ Kd6 36. Nd3 Be6 37. Rxg6 Rg8 38. c5+ Ke7 39. Rxg8 Bxg8 40. Nxe5 Bd5 41. c4 Be4 42. Ng6+ Kf6 43. Nf4 Ke5 44. Ne2 Bb1 45. Nc3 Bc2 46. Kf2 Kd4 47. Ne2+ Kxc5 48. Ke3 Kb4 49. g3 Ka3 50. Nc3 a5 51. h3 Bxb3 52. axb3 Kxb3 53. Kd4 c5+ 54. Kxc5 Kxc3 55. Kb5 a4 56. c5 a3 57. c6 a2 58. c7 a1Q 59. c8Q+ Kd2 60. Qxf5 Qb2+ 61. Kc6 Qc3+ 62. Kd5 Qxg3 63. Qxh5 Ke3 64. Qg4 Qxg4 65. hxg4 Kf4 1/2-1/2

[Event "Sarajevo Bosna op 49th"]
[Site "Sarajevo"]
[Date "2019.05.01"]
[Round "7"]
[White "Vajic, Goran"]
[Black "Selimovic, Amir"]
[Result "1-0"]
[WhiteElo "2280"]
[BlackElo "1972"]
[PlyCount "73"]
[EventDate "2019.04.27"]
[EventType "swiss"]
[EventRounds "9"]
[EventCountry "BIH"]
[SourceTitle "CBM 190 Extra"]
[Source "ChessBase"]
[SourceDate "2019.07.15"]
[SourceVersion "1"]
[SourceVersionDate "2019.07.15"]
[SourceQuality "1"]

1. e4 e6 2. d4 d5 3. Nc3 dxe4 4. Nxe4 Bd7 5. c3 Bc6 6. Ng3 Nf6 7. Nf3 Nbd7 8. Bd3 Be7 9. 0-0 0-0 10. Qe2 Bd5 11. Rd1 c5 12. dxc5 Nxc5 13. Bc2 Qc7 14. c4 Bxf3 15. Qxf3 Bd6 16. Be3 Ncd7 17. Rac1 Ne5 18. Qe2 Ng6 19. b3 Rfd8 20. Nf1 Bf4 21. g3 Bxe3 22. Nxe3 Ne5 23. Kg2 Nc6 24. Ng4 Qe7 25. Nxf6+ Qxf6 26. Be4 Nd4 27. Qe3 Rab8 28. Rd2 b6 29. Rcd1 e5 30. f4 Qh6 31. Bd5 Re8 32. Qe4 Qh5 33. fxe5 Rxe5 34. Qxd4 Rbe8 35. Rf1 Re2+ 36. Rf2 Rxd2 37. Qxd2 1-0

[Event "Sarajevo Bosna op 49th"]
[Site "Sarajevo"]
[Date "2019.04.29"]
[Round "4"]
[White "Smajic, Ervin"]
[Black "Selimovic, Amir"]
[Result "0-1"]
[WhiteElo "1556"]
[BlackElo "1972"]
[PlyCount "56"]
[EventDate "2019.04.27"]
[EventType "swiss"]
[EventRounds "9"]
[EventCountry "BIH"]
[SourceTitle "CBM 190 Extra"]
[Source "ChessBase"]
[SourceDate "2019.07.15"]
[SourceVersion "1"]
[SourceVersionDate "2019.07.15"]
[SourceQuality "1"]

1. Nf3 Nf6 2. g3 b6 3. Bg2 Bb7 4. 0-0 e6 5. d4 Be7 6. b3 0-0 7. Bb2 d6 8. Nbd2 c5 9. Re1 cxd4 10. Nxd4 Bxg2 11. Kxg2 d5 12. e4 Qc7 13. Rc1 dxe4 14. Nxe4 Nbd7 15. Kg1 Nxe4 16. Rxe4 Qb7 17. Qe2 Nf6 18. Re3 Bc5 19. Re5 Rfd8 20. Rd1 Rd7 21. Nb5 Rxd1+ 22. Qxd1 a6 23. Nc3 Qc7 24. Ne4 Nxe4 25. Rxe4 Rd8 26. Qg4 f5 27. Qf4 Rd1+ 28. Kg2 Qb7 0-1

[Event "Sarajevo Bosna op 48th"]
[Site "Sarajevo"]
[Date "2018.05.11"]
[Round "9"]
[White "Strinic, Halid"]
[Black "Selimovic, Amir"]
[Result "0-1"]
[WhiteElo "2133"]
[BlackElo "1932"]
[PlyCount "88"]
[EventDate "2018.05.05"]
[EventType "swiss"]
[EventRounds "9"]
[EventCountry "BIH"]
[SourceTitle "CBM 184 Extra"]
[Source "ChessBase"]
[SourceDate "2018.06.28"]
[SourceVersion "1"]
[SourceVersionDate "2018.06.28"]
[SourceQuality "1"]

1. e4 e6 2. d4 d5 3. Nc3 Bb4 4. e5 c5 5. a3 Bxc3+ 6. bxc3 Ne7 7. Nf3 Qc7 8. Bd3 Nbc6 9. 0-0 Bd7 10. a4 c4 11. Be2 f6 12. Re1 Ng6 13. Bf1 0-0-0 14. h4 h5 15. Qe2 fxe5 16. dxe5 Rdf8 17. Ba3 Rf5 18. Bd6 Qd8 19. g3 Nge7 20. Bh3 Rxf3 21. Qxf3 g6 22. a5 Qg8 23. Qe3 Nf5 24. Qg5 Qe8 25. a6 b6 26. Reb1 Qf7 27. Rb5 Ncd4 28. cxd4 Bxb5 29. c3 Rd8 30. Bb4 Kc7 31. Re1 Bxa6 32. Ra1 Kb7 33. Qc1 Bb5 34. Qa3 a6 35. Kg2 Rg8 36. Bd6 g5 37. hxg5 Rxg5 38. Bxf5 Rxf5 39. Ra2 h4 40. Qc1 h3+ 41. Kxh3 Rh5+ 42. Kg2 Qf5 43. Rc2 Qh7 44. Qd2 Rh2+ 0-1

[Event "Sarajevo Bosna op 48th"]
[Site "Sarajevo"]
[Date "2018.05.06"]
[Round "2"]
[White "Selimovic, Amir"]
[Black "Mahmutagic, Mevlida"]
[Result "1-0"]
[WhiteElo "1932"]
[BlackElo "1538"]
[PlyCount "29"]
[EventDate "2018.05.05"]
[EventType "swiss"]
[EventRounds "9"]
[EventCountry "BIH"]
[SourceTitle "CBM 184 Extra"]
[Source "ChessBase"]
[SourceDate "2018.06.28"]
[SourceVersion "1"]
[SourceVersionDate "2018.06.28"]
[SourceQuality "1"]

1. e4 c5 2. Nc3 d6 3. f4 e5 4. fxe5 dxe5 5. Nf3 Nc6 6. Bc4 Nf6 7. d3 h6 8. 0-0 Be7 9. Nh4 Bg4 10. Bxf7+ Kxf7 11. Qxg4 Rh7 12. Nd5 Kg8 13. Qe6+ Kf8 14. Ng6+ Ke8 15. Nxf6+ 1-0

[Event "Sarajevo Bosna op 47th"]
[Site "Sarajevo"]
[Date "2017.05.14"]
[Round "3"]
[White "Selimovic, Amir"]
[Black "Beslija, Hana"]
[Result "1-0"]
[WhiteElo "1941"]
[BlackElo "1113"]
[PlyCount "49"]
[EventDate "2017.05.13"]
[EventType "swiss"]
[EventRounds "9"]
[EventCountry "BIH"]
[SourceTitle "CBM 178 Extra"]
[Source "ChessBase"]
[SourceDate "2017.06.22"]
[SourceVersion "1"]
[SourceVersionDate "2017.06.22"]
[SourceQuality "1"]

1. e4 d5 2. exd5 Qxd5 3. Nc3 Qa5 4. d4 c6 5. Bc4 Nf6 6. Bd2 Qc7 7. Qe2 Bf5 8. 0-0-0 Nbd7 9. h3 e6 10. g4 Bg6 11. h4 h6 12. Nh3 0-0-0 13. Nf4 Bh7 14. Qf3 Bb4 15. Rhe1 e5 16. Nfe2 exd4 17. Bf4 Qb6 18. Nxd4 Nc5 19. Re7 Rd7 20. Rxd7 Ncxd7 21. Nde2 Rf8 22. g5 hxg5 23. hxg5 Ne8 24. Qh3 Bg6 25. Qxd7# 1-0

[Event "Sarajevo Bosna op 47th"]
[Site "Sarajevo"]
[Date "2017.05.13"]
[Round "1"]
[White "Selimovic, Amir"]
[Black "Salkic, Midhat"]
[Result "1/2-1/2"]
[WhiteElo "1941"]
[BlackElo "2042"]
[PlyCount "45"]
[EventDate "2017.05.13"]
[EventType "swiss"]
[EventRounds "9"]
[EventCountry "BIH"]
[SourceTitle "CBM 178 Extra"]
[Source "ChessBase"]
[SourceDate "2017.06.22"]
[SourceVersion "1"]
[SourceVersionDate "2017.06.22"]
[SourceQuality "1"]

1. e4 c5 2. Nc3 e6 3. g3 d6 4. Bg2 Nc6 5. Nge2 a6 6. d4 cxd4 7. Nxd4 Qc7 8. 0-0 Nf6 9. Nce2 Be7 10. c4 Nxd4 11. Qxd4 e5 12. Qd3 Be6 13. b3 0-0 14. Bg5 h6 15. Bxf6 Bxf6 16. Nc3 Be7 17. Nd5 Bxd5 18. Qxd5 Rab8 19. a4 Qc6 20. Rfd1 Rfc8 21. Bf1 Qxd5 22. Rxd5 Rc5 23. Rad1 1/2-1/2

[Event "Sarajevo Bosna op 45th"]
[Site "Sarajevo"]
[Date "2015.06.03"]
[Round "7"]
[White "Drino, Faris"]
[Black "Selimovic, Amir"]
[Result "0-1"]
[WhiteElo "1774"]
[BlackElo "1936"]
[PlyCount "88"]
[EventDate "2015.05.30"]
[EventType "swiss"]
[EventRounds "9"]
[EventCountry "BIH"]
[SourceTitle "CBM 166 Extra"]
[Source "ChessBase"]
[SourceDate "2015.06.18"]
[SourceVersion "1"]
[SourceVersionDate "2015.06.18"]
[SourceQuality "1"]

1. Nf3 d5 2. d4 Nf6 3. c4 c6 4. Nc3 a6 5. g3 g6 6. c5 Bg7 7. Bg2 0-0 8. 0-0 Ne4 9. Na4 Nd7 10. Ng5 Nxg5 11. Bxg5 f6 12. Bc1 e5 13. e4 dxe4 14. dxe5 f5 15. e6 Ne5 16. Nb6 Qxd1 17. Rxd1 Bxe6 18. Nxa8 Rxa8 19. Bf1 a5 20. Be2 Nf3+ 21. Bxf3 exf3 22. Bf4 a4 23. Re1 Kf7 24. Be5 Bxe5 25. Rxe5 Bd5 26. Re3 Ra5 27. Rc1 Rb5 28. b3 a3 29. Kf1 Be4 30. Ke1 Ke6 31. Kd2 Kd5 32. Rc4 Bb1 33. Rxf3 Bxa2 34. Rd3+ Ke6 35. Kc2 Ra5 36. Rdc3 Bxb3+ 37. Kxb3 a2 38. Rc1 a1Q 39. Rxa1 Rxa1 40. Rh4 h5 41. Rd4 Rf1 42. Rd6+ Kf7 43. Rd7+ Kf6 44. Rxb7 Rb1+ 0-1

[Event "Sarajevo Bosna op 45th"]
[Site "Sarajevo"]
[Date "2015.05.31"]
[Round "3"]
[White "Popovic, Zoran"]
[Black "Selimovic, Amir"]
[Result "1-0"]
[WhiteElo "2309"]
[BlackElo "1936"]
[PlyCount "55"]
[EventDate "2015.05.30"]
[EventType "swiss"]
[EventRounds "9"]
[EventCountry "BIH"]
[SourceTitle "CBM 166 Extra"]
[Source "ChessBase"]
[SourceDate "2015.06.18"]
[SourceVersion "1"]
[SourceVersionDate "2015.06.18"]
[SourceQuality "1"]

1. d4 d5 2. c4 c6 3. Nc3 Nf6 4. e3 a6 5. Nf3 b5 6. b3 g6 7. Be2 Bg7 8. 0-0 0-0 9. Ne5 Nfd7 10. f4 Nxe5 11. fxe5 Be6 12. cxd5 cxd5 13. Bf3 Nc6 14. Bd2 Rc8 15. Qe2 Qd7 16. Rfc1 f6 17. exf6 exf6 18. a4 b4 19. Nd1 f5 20. Qxa6 Nxd4 21. exd4 Bxd4+ 22. Nf2 Bxa1 23. Rxa1 Rc2 24. Qd3 Qg7 25. Rd1 Qb2 26. Bxd5 Bxd5 27. Qxd5+ Kh8 28. Be3 1-0

[Event "Sarajevo Bosna op-B 43rd"]
[Site "Sarajevo"]
[Date "2013.06.07"]
[Round "8"]
[White "Selimovic, Amir"]
[Black "Muhic, Nagib"]
[Result "0-1"]
[WhiteElo "1871"]
[BlackElo "2140"]
[PlyCount "76"]
[EventDate "2013.06.01"]
[EventType "swiss"]
[EventRounds "9"]
[EventCountry "BIH"]
[SourceTitle "CBM 154 Extra"]
[Source "ChessBase"]
[SourceDate "2013.06.25"]
[SourceVersion "2"]
[SourceVersionDate "2013.06.25"]
[SourceQuality "1"]

1. e4 d6 2. d4 g6 3. Nf3 Bg7 4. Bc4 c6 5. Bb3 Nf6 6. e5 dxe5 7. Nxe5 0-0 8. 0-0 Nbd7 9. f4 e6 10. Nd2 Nxe5 11. dxe5 Qd4+ 12. Kh1 Nd5 13. c3 Qb6 14. Nc4 Qd8 15. Qe2 b5 16. Nd6 a5 17. a4 bxa4 18. Bxa4 Ba6 19. c4 Nb4 20. Be3 Qc7 21. Rfd1 Nd5 22. Bc5 Rfb8 23. Qf3 Ne7 24. b3 Rd8 25. Qf2 Rab8 26. Rd2 h5 27. Rad1 Rd7 28. h3 Bf8 29. Nb5 Rxd2 30. Nxc7 Rxd1+ 31. Kh2 Bb7 32. Bd6 c5 33. Nxe6 fxe6 34. Bxb8 Nf5 35. Qe2 Rh1+ 36. Kxh1 Ng3+ 37. Kh2 Nxe2 38. g3 h4 0-1

[Event "Sarajevo Bosna op-B 43rd"]
[Site "Sarajevo"]
[Date "2013.06.06"]
[Round "7"]
[White "Grubacic, Mile"]
[Black "Selimovic, Amir"]
[Result "1-0"]
[WhiteElo "2029"]
[BlackElo "1871"]
[PlyCount "53"]
[EventDate "2013.06.01"]
[EventType "swiss"]
[EventRounds "9"]
[EventCountry "BIH"]
[SourceTitle "CBM 154 Extra"]
[Source "ChessBase"]
[SourceDate "2013.06.25"]
[SourceVersion "2"]
[SourceVersionDate "2013.06.25"]
[SourceQuality "1"]

1. e4 e6 2. d4 d5 3. Nc3 Bb4 4. a3 Bxc3+ 5. bxc3 dxe4 6. Qg4 Nf6 7. Qxg7 Rg8 8. Qh6 c5 9. dxc5 Nbd7 10. Be3 Rg6 11. Qh4 Qa5 12. Ne2 e5 13. Rd1 Nxc5 14. Ng3 Bg4 15. Be2 Qxc3+ 16. Bd2 Qxc2 17. 0-0 Bxe2 18. Nxe2 0-0-0 19. Rc1 Qxd2 20. Rxc5+ Kb8 21. Ng3 Qd4 22. Rfc1 Ng4 23. Qe7 Qd6 24. Qxf7 b6 25. Rc7 Qd5 26. Rc8+ Rxc8 27. Rxc8+ 1-0

[Event "Lukavac op 1st"]
[Site "Lukavac"]
[Date "2012.11.26"]
[Round "7"]
[White "Pilavdzic, Hamdija"]
[Black "Selimovic, Amir"]
[Result "0-1"]
[WhiteElo "2085"]
[BlackElo "1808"]
[PlyCount "122"]
[EventDate "2012.11.23"]
[EventType "swiss"]
[EventRounds "7"]
[EventCountry "BIH"]
[SourceTitle "CBM 151 Extra"]
[Source "ChessBase"]
[SourceDate "2012.12.18"]
[SourceVersion "1"]
[SourceVersionDate "2012.12.18"]
[SourceQuality "1"]

1. d4 e6 2. Nf3 d5 3. a3 c5 4. e3 Nf6 5. b3 cxd4 6. Nxd4 Nc6 7. Bb2 Be7 8. Bb5 Qc7 9. 0-0 0-0 10. Nxc6 bxc6 11. Bd3 a5 12. Nd2 a4 13. b4 Ba6 14. Nf3 c5 15. Be5 Qc6 16. c3 Nd7 17. Bg3 Bf6 18. Rc1 Bxd3 19. Qxd3 c4 20. Qe2 e5 21. Rfd1 Rfe8 22. Qc2 g6 23. Rd2 Nb6 24. Rcd1 Rad8 25. Bh4 Bxh4 26. Nxh4 e4 27. g3 f5 28. Ng2 g5 29. h4 h6 30. Rd4 Rd6 31. Qe2 Re7 32. Qh5 Rg7 33. Kf1 Rdg6 34. R1d2 Qe6 35. Qd1 Rd7 36. Rb2 Rf6 37. Ke2 Rdf7 38. Kd2 f4 39. hxg5 fxe3+ 40. Nxe3 Rxf2+ 41. Kc1 R2f3 42. Re2 Qh3 43. Qd2 Qxg3 44. gxh6 Rf2 45. Nd1 Rxe2 46. Qxe2 Rf3 47. Kb2 Kh7 48. Qc2 Rd3 49. Qe2 Rxd4 50. cxd4 Qb3+ 51. Kc1 Qxa3+ 52. Kb1 Qxb4+ 53. Ka1 Qa3+ 54. Kb1 Qd3+ 55. Qxd3 cxd3 56. Ne3 Kxh6 57. Ka2 Kg5 58. Nd1 Kf4 59. Ka3 e3 60. Kb4 e2 61. Nb2 e1Q+ 0-1